[Event "Barcelona La Lira op 37th"]
[Site "Barcelona"]
[Date "2019.03.01"]
[Round "7"]
[White "Garcia Vidal, Emili"]
[Black "Bermejo Cuadra, Robert"]
[Result "1/2-1/2"]
[WhiteElo "1464"]
[BlackElo "1216"]
[PlyCount "77"]
[EventDate "2019.01.18"]
[EventType "swiss"]
[EventRounds "8"]
[EventCountry "ESP"]
[SourceTitle "CBM 189 Extra"]
[Source "ChessBase"]
[SourceDate "2019.06.03"]
[SourceVersion "1"]
[SourceVersionDate "2019.06.03"]
[SourceQuality "1"]

1. f4 f5 2. Nf3 Nc6 3. Nc3 d5 4. d3 d4 5. Nb5 a6 6. Na3 e6 7. Nc4 Bb4+ 8. Bd2 b5 9. Bxb4 bxc4 10. Bd2 Qd5 11. dxc4 Qxc4 12. e4 Qc5 13. exf5 exf5 14. Bd3 Nf6 15. Qe2+ Qe7 16. Qxe7+ Kxe7 17. 0-0 Kf7 18. Rfe1 Bd7 19. Bc4+ Kg6 20. Bd3 Rhe8 21. Nh4+ Kf7 22. Nxf5 g6 23. Ng3 Rxe1+ 24. Rxe1 a5 25. Ne4 Nxe4 26. Bxe4 Kg7 27. c3 Rb8 28. b3 a4 29. Rb1 axb3 30. Rxb3 Rxb3 31. axb3 Na5 32. b4 Nb3 33. Be1 Kf6 34. cxd4 c6 35. Bc3 Kf7 36. d5 c5 37. d6 Ke6 38. bxc5 Nxc5 39. Bf3 1/2-1/2

[Event "Barcelona Ideal Clave op 21st"]
[Site "Barcelona"]
[Date "2017.10.28"]
[Round "4"]
[White "Garcia Miralles, Eduard"]
[Black "Garcia Vidal, Emili"]
[Result "1-0"]
[WhiteElo "1700"]
[BlackElo "1466"]
[PlyCount "81"]
[EventDate "2017.09.30"]
[EventType "swiss"]
[EventRounds "8"]
[EventCountry "ESP"]
[SourceTitle "CBM 181 Extra"]
[Source "ChessBase"]
[SourceDate "2017.12.12"]
[SourceVersion "1"]
[SourceVersionDate "2017.12.12"]
[SourceQuality "1"]

1. d4 Nf6 2. Nf3 g6 3. Bf4 Bg7 4. e3 b6 5. c4 Bb7 6. Nc3 d6 7. Bg3 0-0 8. Bd3 e6 9. 0-0 Nbd7 10. Re1 c5 11. a3 Rc8 12. Nb5 Qe7 13. Nxa7 Ra8 14. Nb5 Ne8 15. h3 Bc6 16. Bc2 Bxb5 17. cxb5 Ndf6 18. Qd2 Nc7 19. a4 Qd7 20. dxc5 dxc5 21. Qxd7 Nxd7 22. Bxc7 Bxb2 23. Ra2 Bc3 24. Rd1 Nf6 25. Bxb6 Bb4 26. Bb3 Ne4 27. Rc2 Rfc8 28. Rd7 Rab8 29. a5 Nf6 30. Rc7 Rxc7 31. Bxc7 Rxb5 32. Bb6 Bxa5 33. Bxa5 Rxa5 34. Ne5 Ne4 35. Nd3 Ra3 36. Bc4 Ra5 37. f3 Nd6 38. Bb3 Nb7 39. Rc1 Kf8 40. Ne5 Ke7 41. Nc6+ 1-0

[Event "Barcelona Ideal Clave op 21st"]
[Site "Barcelona"]
[Date "2017.09.30"]
[Round "1"]
[White "Franzoni Ladron, Enric"]
[Black "Garcia Vidal, Emili"]
[Result "1/2-1/2"]
[WhiteElo "1805"]
[BlackElo "1466"]
[PlyCount "36"]
[EventDate "2017.09.30"]
[EventType "swiss"]
[EventRounds "8"]
[EventCountry "ESP"]
[SourceTitle "CBM 181 Extra"]
[Source "ChessBase"]
[SourceDate "2017.12.12"]
[SourceVersion "1"]
[SourceVersionDate "2017.12.12"]
[SourceQuality "1"]

1. e4 e5 2. Nf3 Nf6 3. Nc3 Bb4 4. Bc4 Bxc3 5. dxc3 d6 6. Qd3 h6 7. h3 Qe7 8. Be3 Be6 9. 0-0 0-0 10. Bxe6 Qxe6 11. c4 Nbd7 12. b4 b6 13. g4 Nxg4 14. Ng5 hxg5 15. hxg4 Qxg4+ 16. Kh2 Qh4+ 17. Kg2 Qg4+ 18. Kh2 Qh4+ 1/2-1/2

[Event "Barcelona La Lira op 35th"]
[Site "Barcelona"]
[Date "2017.02.10"]
[Round "4"]
[White "Perolet Perez, Miquel"]
[Black "Garcia Vidal, Emili"]
[Result "1-0"]
[WhiteElo "1678"]
[BlackElo "1475"]
[PlyCount "59"]
[EventDate "2017.01.20"]
[EventType "swiss"]
[EventRounds "8"]
[EventCountry "ESP"]
[SourceTitle "EXT 2018"]
[Source "ChessBase"]
[SourceDate "2017.10.13"]
[SourceVersion "1"]
[SourceVersionDate "2017.10.13"]
[SourceQuality "1"]

1. d4 Nf6 2. Nf3 g6 3. Nbd2 Bg7 4. e4 d6 5. c3 b6 6. Bb5+ Bd7 7. Bc4 e6 8. b4 0-0 9. a4 a5 10. b5 c5 11. dxc5 dxc5 12. e5 Ng4 13. Qe2 Qc7 14. Qe4 Nxe5 15. Nxe5 Qxe5 16. Bb2 Qxe4+ 17. Nxe4 Bc8 18. Rd1 Nd7 19. Be2 Nf6 20. Bf3 Nxe4 21. Bxe4 Ra7 22. Rd6 Bb7 23. Rxb6 f5 24. Rxb7 Rxb7 25. Bxb7 Rd8 26. Ke2 Bh6 27. Rd1 Rxd1 28. Kxd1 Bf4 29. h3 Bd6 30. g4 1-0

[Event "Barcelona La Lira op 35th"]
[Site "Barcelona"]
[Date "2017.01.27"]
[Round "2"]
[White "Fungueirino Pique, Daniel"]
[Black "Garcia Vidal, Emili"]
[Result "1-0"]
[WhiteElo "1693"]
[BlackElo "1475"]
[PlyCount "55"]
[EventDate "2017.01.20"]
[EventType "swiss"]
[EventRounds "8"]
[EventCountry "ESP"]
[SourceTitle "EXT 2018"]
[Source "ChessBase"]
[SourceDate "2017.10.13"]
[SourceVersion "1"]
[SourceVersionDate "2017.10.13"]
[SourceQuality "1"]

1. d4 Nf6 2. Nf3 g6 3. Nc3 Bg7 4. Bf4 d6 5. Qd2 Nbd7 6. e4 e6 7. Bc4 Nb6 8. Bb3 c6 9. 0-0-0 d5 10. exd5 Nfxd5 11. Nxd5 Nxd5 12. Bh6 Qf6 13. Bxg7 Qxg7 14. h4 h5 15. g3 Nf6 16. Ng5 Bd7 17. Qb4 b6 18. Rhe1 Nd5 19. Qd6 Qf6 20. Bxd5 cxd5 21. f4 Qe7 22. Qc7 f5 23. Qe5 0-0-0 24. Rd3 Rhe8 25. Rc3+ Kb7 26. Qc7+ Ka8 27. Ra3 Bc8 28. Rxa7# 1-0

[Event "Barcelona La Lira op 34th"]
[Site "Barcelona"]
[Date "2016.01.22"]
[Round "2"]
[White "Romero Funieles, Rafael de Jesus"]
[Black "Garcia Vidal, Emili"]
[Result "1-0"]
[WhiteElo "1747"]
[BlackElo "1480"]
[PlyCount "115"]
[EventDate "2016.01.15"]
[EventType "swiss"]
[EventRounds "8"]
[EventCountry "ESP"]
[SourceTitle "EXT 2017"]
[Source "ChessBase"]
[SourceDate "2016.10.25"]
[SourceVersion "1"]
[SourceVersionDate "2016.10.25"]
[SourceQuality "1"]

1. e4 e5 2. Nf3 Nf6 3. d3 d6 4. h3 Be7 5. Nc3 b6 6. Bg5 h6 7. Bxf6 Bxf6 8. Be2 Bb7 9. Nh2 Nc6 10. a3 a5 11. Ng4 Bg5 12. 0-0 Nd4 13. a4 Nxe2+ 14. Qxe2 0-0 15. Rad1 Bc8 16. Nd5 c6 17. Nde3 Bxe3 18. Nxe3 Qg5 19. Qf3 Be6 20. d4 Rad8 21. d5 cxd5 22. exd5 Bc8 23. b3 Qe7 24. Rfe1 Rfe8 25. Nc4 Qc7 26. c3 Ba6 27. Re4 Rc8 28. Rg4 Bxc4 29. Rxc4 Qd7 30. Rg4 f6 31. c4 Qf7 32. Qe3 Rc5 33. Qxh6 Kf8 34. Qh8+ Qg8 35. Qh5 Ke7 36. Qg6 Kf8 37. Rh4 Qf7 38. Qf5 Ke7 39. Rh7 Rg8 40. f4 Rcc8 41. Rf1 Rcf8 42. Qd3 Qe8 43. fxe5 fxe5 44. Rxf8 Qxf8 45. Qe3 Qf4 46. Qxf4 exf4 47. Kf2 Kf6 48. Kf3 Kg6 49. Rh4 Rf8 50. Rg4+ Kh6 51. Rxf4 Rxf4+ 52. Kxf4 Kg6 53. g4 Kf6 54. g5+ Kg6 55. Kg4 Kf7 56. h4 Kg6 57. h5+ Kf7 58. Kf5 1-0

[Event "Barcelona La Lira op 33rd"]
[Site "Barcelona"]
[Date "2015.03.13"]
[Round "9"]
[White "Gonzalez Canovas, Sebastian"]
[Black "Garcia Vidal, Emili"]
[Result "1-0"]
[WhiteElo "1635"]
[BlackElo "1480"]
[PlyCount "53"]
[EventDate "2015.01.16"]
[EventType "swiss"]
[EventRounds "9"]
[EventCountry "ESP"]
[SourceTitle "EXT 2016"]
[Source "ChessBase"]
[SourceDate "2015.10.08"]
[SourceVersion "1"]
[SourceVersionDate "2015.10.08"]
[SourceQuality "1"]

1. d4 Nf6 2. c4 e5 3. d5 Bb4+ 4. Bd2 Bxd2+ 5. Nxd2 c6 6. e4 cxd5 7. cxd5 d6 8. Bb5+ Bd7 9. Bxd7+ Nbxd7 10. Ne2 0-0 11. 0-0 Rc8 12. Nc3 a6 13. Qe2 b5 14. a3 h6 15. Rac1 Nh7 16. b4 Nb6 17. Rc2 Qd7 18. Rfc1 Nc4 19. Nxc4 Rxc4 20. Nd1 Rxc2 21. Qxc2 Nf6 22. Ne3 Ra8 23. h3 a5 24. f3 axb4 25. axb4 g6 26. Qc6 Kf8 27. Qxa8+ 1-0

[Event "Barcelona La Lira op 33rd"]
[Site "Barcelona"]
[Date "2015.01.30"]
[Round "3"]
[White "Elias Arguelles, Manuel"]
[Black "Garcia Vidal, Emili"]
[Result "1-0"]
[WhiteElo "1665"]
[BlackElo "1480"]
[PlyCount "67"]
[EventDate "2015.01.16"]
[EventType "swiss"]
[EventRounds "9"]
[EventCountry "ESP"]
[SourceTitle "EXT 2016"]
[Source "ChessBase"]
[SourceDate "2015.10.08"]
[SourceVersion "1"]
[SourceVersionDate "2015.10.08"]
[SourceQuality "1"]

1. Nf3 Nc6 2. b3 b6 3. g3 Bb7 4. Bg2 Nf6 5. 0-0 g6 6. Bb2 Bg7 7. d4 0-0 8. Nbd2 e6 9. c4 d5 10. Rc1 Rb8 11. a3 a5 12. Qc2 Ne7 13. c5 b5 14. b4 a4 15. Ne5 Ne8 16. c6 Bxe5 17. cxb7 Bxg3 18. hxg3 Rxb7 19. e4 Nd6 20. e5 Ndf5 21. Nf3 Kh8 22. Rfe1 Nc8 23. Qc6 Rb6 24. Qxc7 Nfe7 25. Qxd8 Rxd8 26. Rc2 Na7 27. Rec1 Rc8 28. Rxc8+ Naxc8 29. Rc5 Na7 30. Bf1 Rc6 31. Ne1 Rxc5 32. dxc5 h5 33. Nf3 Kg8 34. Nd4 1-0

[Event "Barcelona La Lira op 33rd"]
[Site "Barcelona"]
[Date "2015.01.23"]
[Round "2"]
[White "Garcia Vidal, Emili"]
[Black "Pascual Gonzalez, Novelles Carle"]
[Result "0-1"]
[WhiteElo "1480"]
[BlackElo "1872"]
[PlyCount "40"]
[EventDate "2015.01.16"]
[EventType "swiss"]
[EventRounds "9"]
[EventCountry "ESP"]
[SourceTitle "EXT 2016"]
[Source "ChessBase"]
[SourceDate "2015.10.08"]
[SourceVersion "1"]
[SourceVersionDate "2015.10.08"]
[SourceQuality "1"]

1. f4 d5 2. Nf3 Nf6 3. e3 c5 4. Bb5+ Nc6 5. Ne5 Qc7 6. Nxc6 bxc6 7. Be2 Bf5 8. d3 e6 9. b3 Bd6 10. Bb2 e5 11. g3 d4 12. e4 Bh3 13. f5 h5 14. Nd2 Qa5 15. Kf2 Qd8 16. Nf3 Ng4+ 17. Ke1 Ne3 18. Qd2 Be7 19. Kf2 h4 20. Ng1 Bg5 0-1

[Event "Barcelona La Lira op 32nd"]
[Site "Barcelona"]
[Date "2014.01.16"]
[Round "1"]
[White "Escudero Martinez, Alberto"]
[Black "Garcia Vidal, Emili"]
[Result "1-0"]
[WhiteElo "1808"]
[BlackElo "1480"]
[PlyCount "105"]
[EventDate "2014.01.16"]
[EventType "swiss"]
[EventRounds "9"]
[EventCountry "ESP"]
[SourceTitle "EXT 2015"]
[Source "ChessBase"]
[SourceDate "2014.11.20"]
[SourceVersion "1"]
[SourceVersionDate "2014.11.20"]
[SourceQuality "1"]

1. Nf3 Nf6 2. g3 Nc6 3. Bg2 g6 4. 0-0 Bg7 5. c3 0-0 6. d4 e6 7. Nbd2 d5 8. Re1 a6 9. e4 dxe4 10. Nxe4 Nxe4 11. Rxe4 Ne7 12. Bd2 b5 13. Qc1 Bb7 14. Re2 Bxf3 15. Bxf3 Rb8 16. h4 Nf5 17. Bg5 Qd6 18. g4 f6 19. Bf4 e5 20. gxf5 exf4 21. Qc2 g5 22. Re6 Qd8 23. Qb3 Kh8 24. h5 Rb6 25. Rae1 Rxe6 26. fxe6 Qe7 27. Kg2 f5 28. Bb7 Qd6 29. f3 Re8 30. Qd5 Qxd5 31. Bxd5 Bf6 32. Bb7 a5 33. Bc6 Re7 34. Bxb5 Kg7 35. Bd7 Kh6 36. Rh1 g4 37. a3 g3 38. b4 axb4 39. axb4 Rg7 40. Be8 Re7 41. Bf7 Kg7 42. Ra1 c6 43. Ra5 Rc7 44. Rxf5 Ra7 45. Ra5 Rc7 46. Kh3 Be7 47. Kg2 h6 48. Ra2 Kf6 49. Kh3 Kg7 50. Kg4 Bg5 51. Kf5 Kf8 52. Ke5 Ke7 53. Ra8 1-0

[Event "Barcelona La Lira op 29th"]
[Site "Barcelona"]
[Date "2011.01.21"]
[Round "2"]
[White "Torres Martinez, Jordi"]
[Black "Garcia Vidal, Emili"]
[Result "1-0"]
[WhiteElo "1755"]
[BlackElo "1566"]
[PlyCount "85"]
[EventDate "2011.01.14"]
[EventType "swiss"]
[EventRounds "7"]
[EventCountry "ESP"]
[SourceTitle "EXT 2012"]
[Source "ChessBase"]
[SourceDate "2011.11.24"]
[SourceVersion "1"]
[SourceVersionDate "2011.11.24"]
[SourceQuality "1"]

1. e4 e5 2. Nf3 Nf6 3. Nxe5 d6 4. Nxf7 Kxf7 5. d4 Nc6 6. Bc4+ Ke8 7. Nc3 Qd7 8. 0-0 Be7 9. d5 Ne5 10. Bb5 c6 11. dxc6 bxc6 12. Ba4 Bb7 13. Bg5 Qg4 14. Qxg4 Nexg4 15. h3 Ne5 16. Rad1 Kf7 17. f4 Nc4 18. Bb3 d5 19. exd5 cxd5 20. Bxf6 Bxf6 21. Bxc4 dxc4 22. Rd7+ Kg6 23. Rxb7 Bxc3 24. bxc3 Rhd8 25. Rc7 Rdc8 26. Rxc8 Rxc8 27. Rd1 Rc7 28. Rd4 h5 29. g4 hxg4 30. hxg4 Kf6 31. Kf2 g5 32. f5 Ke5 33. Kf3 Rc5 34. Re4+ Kf6 35. Re6+ Kf7 36. Ke4 Ra5 37. Kd4 Rxa2 38. Rg6 Rxc2 39. Rxg5 a5 40. Kxc4 a4 41. Kb4 a3 42. Kxa3 Rxc3+ 43. Kb4 1-0

[Event "Barcelona Ideal Clave op 13th"]
[Site "Barcelona"]
[Date "2007.10.06"]
[Round "2.13"]
[White "Garcia Vidal, Emili"]
[Black "Fernandez Garcia, Jesus"]
[Result "0-1"]
[WhiteElo "1758"]
[BlackElo "1822"]
[PlyCount "62"]
[EventDate "2007.09.29"]
[EventType "swiss"]
[EventRounds "8"]
[EventCountry "ESP"]
[SourceTitle "EXT 2024"]
[Source "ChessBase"]
[SourceDate "2023.10.10"]
[SourceVersion "1"]
[SourceVersionDate "2023.10.10"]
[SourceQuality "1"]

1. f4 b6 2. e4 Bb7 3. d3 e6 4. Nf3 d5 5. e5 d4 6. c3 Nc6 7. Qa4 dxc3 8. bxc3 Nge7 9. d4 Qd5 10. Nbd2 0-0-0 11. Bc4 Qa5 12. Qb3 Ba6 13. Ng5 Nd5 14. Nxf7 Be7 15. Nxd8 Rxd8 16. Bxd5 Rxd5 17. a4 h6 18. Nc4 Bxc4 19. Qxc4 Nxd4 20. Kf2 Nf5 21. Rb1 Bc5+ 22. Ke2 g5 23. Rd1 Rxd1 24. Qxe6+ Rd7 25. Qxf5 Qxc3 26. fxg5 Qc4+ 27. Ke1 Bb4+ 28. Kf2 Bc5+ 29. Be3 Bxe3+ 30. Kxe3 hxg5 31. Rd1 Qf4+ 0-1